000 00663nam a22001577a 4500
003 OSt
005 20150921094612.0
008 150921b xxu||||| |||| 00| 0 eng d
040 _cRUA
082 _aAGR CHH 2009 B042 Or.1
100 _9982
_aCHHOUN, CHHAIYA.
245 _aeffect of wehg fertilizer on lettuce at crop station of royal university of agriculture ( ឥទ្ធិពលនៃជីេវែគលើដំណំាសាលាដ ក្នុងល័ក្ខខ័ណ្ឌសាកលវិទ្យាល័យភូមិន្ទកសិកម្ម)
260 _aPhnom Penh
_bRUA
_c2009
300 _axi, 44p.
_bill.
_c29cm.
942 _2ddc
_cAGR
999 _c944
_d944